Bitcoin ako hrozba pre finančné trhy
História a charakteristické vlastnosti Bitcoinu. Porovnanie nového modelu s tradičným z hľadiska úrovne súkromia. Komparácia vlastnosti digitálnej a reálnej meny na príklade bitcoinu a dolára. Problémy virtuálnej meny a možné riziká. Vývoj ceny bitcoinu 2010-2014.
Gespeichert in:
| 1. Verfasser: | |
|---|---|
| Format: | Buchkapitel |
| Sprache: | Slowakisch |
| Schlagworte: | |
| Tags: |
Keine Tags, Fügen Sie das erste Tag hinzu!
|
MARC
| LEADER | 00000naa$a2200000$$$4500 | ||
|---|---|---|---|
| 001 | 0185770 | ||
| 005 | 20240502073159.7 | ||
| 041 | 0 | |a slo | |
| 044 | |a SK | ||
| 245 | 1 | 0 | |a Bitcoin ako hrozba pre finančné trhy |c Jana Drutarovská |
| 520 | |a História a charakteristické vlastnosti Bitcoinu. Porovnanie nového modelu s tradičným z hľadiska úrovne súkromia. Komparácia vlastnosti digitálnej a reálnej meny na príklade bitcoinu a dolára. Problémy virtuálnej meny a možné riziká. Vývoj ceny bitcoinu 2010-2014. | ||
| 610 | 2 | 0 | |a mena virtuálna |
| 610 | 2 | 0 | |a peniaze elektronické |
| 610 | 2 | 0 | |a stabilita meny |
| 610 | 2 | 0 | |a trh finančný |
| 100 | 1 | |a Drutarovská, Jana, 1989- | |